| 000 | 00539nam a2200181 a 4500 | ||
|---|---|---|---|
| 005 | 20210223121128.0 | ||
| 008 | 991125s1971 nav 000 0 spa u | ||
| 035 | _aUPN01000012767 | ||
| 049 | _aCG | ||
| 050 | 4 |
_aAC70 _bS2 no.41 |
|
| 245 | 0 | 0 |
_aCuentos rusos / _cselecc. y tr. de José Laín Entralgo ; pról. de Augusto Vidal. |
| 260 |
_aNavarra, Esp. : _bSalvat, _c1971. |
||
| 300 | _a179 p. | ||
| 440 | 0 |
_aBiblioteca básica Salvat ; _v41 |
|
| 650 | 4 |
_aCUENTOS RUSOS _99579 |
|
| 700 | 1 |
_aLaín Entralgo, José, _ecomp. |
|
| 905 | _aLibro | ||
| 999 |
_c12767 _d12767 |
||